Pokémon por Imagen - Estadísticas

Estadísticas generales
  • Esta prueba ha sido intentada 3.301 veces
  • La puntuación promedio es 12 de 16
Estadísticas de respuestas
Imagen Respuesta % Correcto
Pikachu
100%
Charizard
88%
Mew
88%
Squirtle
88%
Eevee
87%
Snorlax
86%
Bulbasaur
84%
Magikarp
83%
Psyduck
75%
Geodude
73%
Meowth
73%
Vulpix
73%
Diglett
67%
Growlithe
63%
Koffing
63%
Mudkip
60%
No se encontraron pruebas coincidentes
Distribución de puntuación
Porcentaje de gente con cada puntuación
Porcentaje por número respondido
Historial de tus puntuaciones
No has intentado esta prueba.